Responses for Primetime Celebrity Jeopardy! game #23 - Tuesday, January 2, 2024

2023-2024 Primetime Celebrity Jeopardy! semifinal game 1.

Contestants

[<< previous game]

Lisa Ann Walter, an actor and stand-up comedian originally from Washington, D.C.

Mira Sorvino, an actress and United Nations Goodwill Ambassador born in New York, raised in New Jersey

Utkarsh Ambudkar, an actor originally from Baltimore, Maryland

[next game >>]

Jeopardy! Round responses

BOOKS IN THE SERIES
(Ken: You'll give us the series.)
SPORTS TEAM HOMOPHONES
AUTO BIOGRAPHIES
(Ken: Old Jeopardy! favorite...)
ONE BELLY BUTTON, TWO NIPPLES
ELEMENTARY POP CULTURE
OATHS
    $100 11
Twilight

Utkarsh
    $100 17
the Suns/sons

Lisa Ann
    $100 21
(Mira: What is the [*]mobile?)

the Pope

Mira
    $100 1
(Mira: What are kidneys?)

lung

UtkarshMira
    $100 6
"Iron Man"

Lisa Ann
    $100 30
King Charles (III) (the former Prince Charles)

Mira
    $200 10
Goosebumps

Utkarsh
    $200 18
the Phillies/fillies

Utkarsh
    $200 22
the Batmobile

Mira
    $200 3
scapula (your shoulder blades)

Lisa Ann
    $200 5
Krypton

Utkarsh
    $200 26
(Utkarsh: What is I solemnly--solemnly swear?)
...
(Utkarsh: Oh, I was gonna say "'til death do us part".)

so help me God

Utkarsh
Triple Stumper
    $300 12
The Chronicles of Narnia

Mira
    $300 19
(Utkarsh: Who are the Streakers?)
(Ken: [Laughs] I love the Streakers of the NFL. No.)

the Bears/bares

Utkarsh
Triple Stumper
    $300 23
an ambulance

Mira
    $300 4
(Utkarsh: Wow. My wife is gonna be [sings] proud of me!)

ulna

Utkarsh
    $300 7
Silicon Valley

Lisa Ann
    $300 27
the Olympics

Lisa Ann
    $400 13
A Song of Ice and Fire

Mira
    $400 2
the Whalers/Wailers

Lisa Ann
    $400 24
Oscar Mayer

Lisa Ann
    $400 15
alimentary canal (your digestive system)

Lisa Ann
    $400 8
copper

Utkarsh
    $500 28
the Hippocratic oath (for doctors)

Lisa Ann
    $500 14
His Dark Materials

Triple Stumper
    $500 20
(Ken: Yeah, I know you're a basketball fan. Well done.)
(Utkarsh: [Whispers] Thank you, sir.)

the links/Lynx

Utkarsh
    $500 25
(Utkarsh: [To Mira] Amazing. Crushing it.)

the Beast

Mira
    $500 16
(Ken: That's right, in the back of your throat. Select again.)
(Lisa Ann: Well, I mean, it depends on the man, Ken.)
(Ken: [Chuckles] In--in many cases, yes.)
(Lisa Ann: Just saying, the '80s were quite a time.)

epiglottis

Lisa Ann
    $500 9
arsenic

Mira
    $500 29
the Knights of the Round Table

Mira

Scores at the first commercial break (after clue 15):

Utkarsh Mira Lisa Ann
$1,300 $1,100 $1,400

Scores at the end of the Jeopardy! Round:

Utkarsh Mira Lisa Ann
$1,500 $2,800 $3,200

Double Jeopardy! Round responses

AFRICAN HISTORY
DIFFERENT SONGS, SAME TITLES
(Ken: We'll give you the artists; you need to name the song title they have in common.)
GEOGRAPHY & A LITTLE MATH
URANUS, SHMURANUS
MAINE ATTRACTIONS
"LADY"S FIRST
(Ken: Each correct response will begin with the word "lady".)
    $200 28
mosques

Mira
    $200 13
"Hello"

Mira
    $200 25
Prussia

Lisa Ann
    $200 9
Saturn

Utkarsh
    $200 20
(Utkarsh: What is the whale?)
(Lisa Ann: What is a narwhal?)
...
(Lisa Ann: Come on, now, don't I get points for being creative?)
(Ken: Those were creative. Like, if I was in the Maine woods and I saw a whale or a narwhal, I would freak out. This is a [*]. [*]--[*] safaris.)

moose

UtkarshLisa Ann
Triple Stumper
    $200 4
the ladybug

Utkarsh
    $1,000 29
The Woman King

Mira
    $400 14
"Good Vibrations"

Utkarsh
    $400 26
(Lisa Ann: What is... Indiana? Indian--[*]?)
(Ken: Yes, you got there just in time.)

Indianapolis

Lisa Ann
    $400 10
Brooklyn

Utkarsh
    $400 21
Stephen King

Mira
    $400 5
Lady and the Tramp

Utkarsh
    $600 19
(Lisa Ann: What is Spain?)
...
(Ken: Yes, Lisa Ann helped you out there.)
(Utkarsh: Wow.)
(Lisa Ann: It was--it was 50/50 at that point.)
[Ken laughs.]
(Utkarsh: Just have them split it.)
(Ken: I was gonna say "Remember", so I dunno.)
[Laughter]
(Ken: Back to you, Mira.)
(Utkarsh: Ouch.)

Portugal

MiraLisa Ann
    $600 15
"The Power Of Love"

Utkarsh
    $600 3
Nigeria

Lisa Ann
    $600 11
the hand

Mira
    $600 22
(Ken: Yeah, you gotta celebrate syrup.)

the maple

Mira
    $600 6
Lady Gaga

Lisa Ann
    $800 17
(Lisa Ann: What is Algeria?)

Morocco

UtkarshLisa Ann
    $800 16
(Lisa Ann: [After mouthing something to herself] What is "Remember"?)
(Ken: [Overlapping] Time's up, I'm afraid.)
(Utkarsh: What is "Remember"?)
(Ken: [Laughs] No, you should not have believed Lisa Ann.)
(Utkarsh: [Overlapping] Lisa Ann!)
(Lisa Ann: Shouldn't have listened to me, man!)
...
(Ken: I only knew the Cheap Trick one.)

"Surrender"

UtkarshLisa Ann
Triple Stumper
    $800 30
Arkansas

Lisa Ann
    $800 2
lockjaw

Triple Stumper
    $1,000 23
(Ken: They went through Maine on their way to Canada.)

the Underground Railroad

Mira
    $800 7
ladyfingers

Mira
    $1000 18
Liberia

Utkarsh
    $1000 1
"Photograph"

Triple Stumper
    $1000 27
(Utkarsh: Chamazing.)
[Applause]
(Ken: Very good. You've got a cheering section.)

Assyria

Mira
    $1000 12
the 17th century

Mira
    $1000 24
Acadia National Park

Mira
    $1000 8
(Lisa Ann: Who is the Lady in the Lake? [*]?)
(Ken: Yes. [*], I think, is how we usually refer to her.)

the Lady of the Lake

Lisa Ann

Scores at the Double Jeopardy! Round commercial break (after clue 15):

Utkarsh Mira Lisa Ann
$3,700 $5,400 $5,400

Scores at the end of the Double Jeopardy! Round:

Utkarsh Mira Lisa Ann
$4,500 $11,200 $4,400

Triple Jeopardy! Round

KNOW YOUR -OLOGIES
(Ken: Each correct response will end with "-ology".)
TINY DESK CONCERTS
PERSONAL FINANCE
SOJOURNER TRUTH
SCIENTISTS
CELEBRITY JEOPARDY AIN'T THE ONLY "CJ"
(Ken: "C.J." will be the initials of all of those correct responses.)
    $300 19
cometology

Mira
    $300 14
Bono

Lisa Ann
    $300 25
Social Security

Mira
    $300 21
New York

Lisa Ann
    $300 8
(Lisa Ann: That's what he was.)
(Ken: That was your dad's job, Lisa Ann!)
(Lisa Ann: Yes!)

rocket science

Mira
    $300 20
[NOTE: This was the 520,000th clue entered into the J! Archive, on 2024-01-09.]

Cracker Jacks

Mira
    $600 18
radiology

Mira
    $600 13
NPR

Utkarsh
    $1,000 26
collateral

Mira
    $600 22
Dutch

Utkarsh
    $3,000 7
(Lisa Ann: Woo! My daddy was a NASA physicist.)

environmental protection

Lisa Ann
    $600 9
(Ken: That's right, brutal prank.)
(Utkarsh: Yeah. It was rough.)

Colin Jost

Utkarsh
    $1,500 15
(Lisa Ann: Institute. Oh, I'm sorry, does that say "T" or "I"?)
(Ken: "T".)
(Lisa Ann: Oh, I'm sorry. Uh, it is--what is [*]?)

Technology

Lisa Ann
    $900 12
Harry Styles

Lisa Ann
    $900 27
your FICO score (credit score)

Lisa Ann
    $900 23
sheep

Mira
    $900 6
Queen

Lisa Ann
    $900 1
the Crown Jewels

Lisa Ann
    $1200 16
(Utkarsh: What is audio-ology?)
...
(Utkarsh: Guys, it's what I said.)

audiology

Utkarsh
Triple Stumper
    $1200 10
Alicia Keys

Utkarsh
    $1200 28
home equity

Mira
    $1200 24
(Ken: Good math skills, yes.)
(Lisa Ann: Thank you.)

1826

Lisa Ann
    $1200 5
(Utkarsh: Uh... [shakes head] Alexander Graham Bell.)
...
(Ken: That's where we get "voltage" from.)
(Lisa Ann: Ahh.)
(Utkarsh: I know, I didn't know it.)

Alessandro Volta

Utkarsh
Triple Stumper
    $1200 2
(Utkarsh: Who is Kris Jenner?)
...
(Utkarsh: Mother of pearl!)
(Lisa Ann: Hey. Easy.)

Caitlyn Jenner

UtkarshLisa Ann
    $1500 17
ethnomusicology

Mira
    $1500 11
Shaggy

Utkarsh
    $1500 29
(Mira: What is an IRA?)
(Ken: More specifically...)
(Mira: Account?)

a Roth IRA

Mira
Triple Stumper
    $1500 30
(Utkarsh: Ain't I a [*]?)
(Ken: ...We are going to accept that. "Ain't I a [*]?" is a question. You did not have to say "What is".)

Woman

Utkarsh
    $1500 4
the Department of Agriculture

Lisa Ann
    $1500 3
the court jester

Utkarsh

Scores at the end of the Triple Jeopardy! Round:

Utkarsh Mira Lisa Ann
$8,400 $16,100 $17,000

[wagering suggestions for these scores]

Final Jeopardy! Round responses

AWARD-WINNING ACTRESSES
(Ken: [To Utkarsh] She played Queen Anne in The Favorite and then won an Emmy for playing Queen Elizabeth on The Crown.)
UtkarshWho is Olivia Coleman? (I hope)
$8,400
MiraWho is Helen Mirren?
$16,100
Lisa AnnWho is Olivia Coleman
$15,201
Olivia Colman

Final scores:

Utkarsh Mira Lisa Ann
$16,800 $0 $32,201
2nd place: $50,000 to the SAG-AFTRA Foundation supporting the Emergency Financial Assistance and Disaster Relief Fund 3rd place: $50,000 to the UN Trust Fund for Victims of Human Trafficking Winner: Finalist

Game dynamics:

Coryat scores:

Utkarsh Mira Lisa Ann
$8,400 $14,900 $13,900
23 R,
7 W
30 R
(including 3 DDs),
2 W
27 R
(including 3 DDs),
4 W

Combined Coryat: $37,200

[game clues] [game scores] [suggest correction]

Game tape date: 2023-08-21
The J! Archive is created by fans, for fans. Scraping, republication, monetization, and malicious use prohibited; this site may use cookies and collect identifying information. See terms. The Jeopardy! game show and all elements thereof, including but not limited to copyright and trademark thereto, are the property of Jeopardy Productions, Inc. and are protected under law. This website is not affiliated with, sponsored by, or operated by Jeopardy Productions, Inc. Join the discussion at JBoard.tv.